Detalles MARC
| 000 -LEADER |
| fixed length control field |
01325nam a2200241Ia 4500 |
| 003 - CONTROL NUMBER IDENTIFIER |
| control field |
OSt |
| 005 - DATE AND TIME OF LATEST TRANSACTION |
| control field |
20210613220023.0 |
| 008 - FIXED-LENGTH DATA ELEMENTS--GENERAL INFORMATION |
| fixed length control field |
210310s2011 ck aodbgr 000 0 spa d |
| 020 ## - INTERNATIONAL STANDARD BOOK NUMBER |
| International Standard Book Number |
9789586642392 |
| 040 ## - CATALOGING SOURCE |
| Original cataloging agency |
CO-JMCR |
| Transcribing agency |
CO-JMCR |
| 041 0# - LANGUAGE CODE |
| Language code of text/sound track or separate title |
spa |
| 082 04 - DEWEY DECIMAL CLASSIFICATION NUMBER |
| Classification number |
333.91 / |
| Item number |
B213a |
| Edition number |
23 |
| 110 2# - MAIN ENTRY--CORPORATE NAME |
| Corporate name or jurisdiction name as entry element |
Banco de la Republica |
| 9 (RLIN) |
14538 |
| 245 10 - TITLE STATEMENT |
| Title |
Agua : |
| Remainder of title |
un patrimonio que circula de mano en mano / |
| Statement of responsibility, etc. |
Banco de la Republica |
| 260 ## - PUBLICATION, DISTRIBUTION, ETC. |
| Place of publication, distribution, etc. |
Bogotá : |
| Name of publisher, distributor, etc. |
Banco de la República, |
| Date of publication, distribution, etc. |
2011 |
| 300 ## - PHYSICAL DESCRIPTION |
| Extent |
93 páginas : |
| Other physical details |
ilustraciones, fotografías, gráficas, mapas a color y a blanco y negro ; |
| Dimensions |
21 x 24 cm. |
| 504 ## - BIBLIOGRAPHY, ETC. NOTE |
| Bibliography, etc. note |
Bibliografía: páginas 21-22 |
| 505 0# - FORMATTED CONTENTS NOTE |
| Miscellaneous information |
Agua: un patrimonio que circula de mano en mano / |
| Statement of responsibility |
Angela Pérez Mejía |
| Miscellaneous information |
Agua: Muéstrate, no te escondas / |
| Statement of responsibility |
Manuel Guerrero Legarreta |
| Miscellaneous information |
Las cuencas y el agua de los Andes / |
| Statement of responsibility |
Ernesto Guhl Nannetti |
| Miscellaneous information |
Agua en la región Andina. Escasez en un mundo de abundancia / |
| Statement of responsibility |
Gunter Pauli |
| Miscellaneous information |
Economía y agua: el papel del recurso hídrico en la estabilidad de precios, la equidad y la supervivencia / |
| Statement of responsibility |
Carlos Gustavo Cano |
| Miscellaneous information |
Visión andina del agua / |
| Statement of responsibility |
Roberto A. Restrepo A. |
| 650 14 - SUBJECT ADDED ENTRY--TOPICAL TERM |
| Topical term or geographic name entry element |
Conservación del agua |
| 9 (RLIN) |
16121 |
| Geographic subdivision |
Región Andina |
| 650 24 - SUBJECT ADDED ENTRY--TOPICAL TERM |
| Topical term or geographic name entry element |
Utilización del agua |
| Geographic subdivision |
Región Andina |
| 9 (RLIN) |
38365 |
| 650 24 - SUBJECT ADDED ENTRY--TOPICAL TERM |
| Topical term or geographic name entry element |
Abastecimiento de agua |
| Geographic subdivision |
Región Andina |
| 9 (RLIN) |
38366 |
| 942 ## - ADDED ENTRY ELEMENTS (KOHA) |
| Source of classification or shelving scheme |
Dewey Decimal Classification |
| Koha item type |
Books |